| 000 | 01430cam a2200373 a 4500 | ||
|---|---|---|---|
| 999 |
_c30429 _d30429 |
||
| 001 | 14973313 | ||
| 003 | OSt | ||
| 005 | 20190628175836.0 | ||
| 008 | 070821s2006 ke a b 001 0aeng | ||
| 010 | _a 2007381072 | ||
| 020 | _a9966225048 | ||
| 040 |
_aDLC _cDLC _dDLC |
||
| 042 | _alcode | ||
| 043 | _af------ | ||
| 050 | 0 | 0 |
_aLA13 _b.T47 2006 |
| 245 | 0 | 0 |
_aThemes in the study of the foundations of education / _cedited by Daniel N. Sifuna, Fatuma N. Chege, Ibrahim O. Oanda. |
| 260 |
_aNairobi : _bJomo Kenyatta Foundation, _c2006. |
||
| 300 |
_aix, 382 p. : _bill. ; _c25 cm. |
||
| 504 | _aIncludes bibliographical references and index. | ||
| 650 | 0 |
_aEducation _xHistory _vTextbooks. |
|
| 650 | 0 |
_aEducation _zAfrica _xHistory _vTextbooks. |
|
| 650 | 0 |
_aEducation _xPhilosophy _vTextbooks. |
|
| 650 | 0 |
_aEducation _zAfrica _xPhilosophy _vTextbooks. |
|
| 650 | 0 |
_aEducational sociology _vTextbooks. |
|
| 650 | 0 |
_aEducational sociology _zAfrica _vTextbooks. |
|
| 650 | 0 |
_aComparative education _vTextbooks. |
|
| 650 | 0 |
_aComparative education _zAfrica _vTextbooks. |
|
| 700 | 1 |
_aSifuna, D. N., _d1944- |
|
| 700 | 1 | _aChege, Fatuma N. | |
| 700 | 1 | _aOanda, Ibrahim O. | |
| 856 | 4 | 1 |
_3Table of contents _uhttp://www.loc.gov/catdir/toc/fy0802/2007381072.html |
| 906 |
_a7 _bcbc _corigode _d3 _encip _f20 _gy-gencatlg |
||
| 942 |
_2lcc _cBOOKS _hLA 13 .S54 2006 |
||